Sensitive : (Record no. 1894)

000 -LEADER
fixed length control field 03689nam a2200433 i 4500
001 - CONTROL NUMBER
control field 23381364
003 - CONTROL NUMBER IDENTIFIER
control field OSt
005 - DATE AND TIME OF LATEST TRANSACTION
control field 20260331154153.0
008 - FIXED-LENGTH DATA ELEMENTS--GENERAL INFORMATION
fixed length control field 231109t20232023nyu b 001 0 eng d
020 ## - INTERNATIONAL STANDARD BOOK NUMBER
International Standard Book Number 9780241993255
Qualifying information paperback
040 ## - CATALOGING SOURCE
Original cataloging agency NjBwBT
Language of cataloging eng
Description conventions rda
Transcribing agency JPL
Modifying agency JPL
-- JQM
-- UAP
-- OCLCQ
-- YDX
-- BDX
-- FLW
-- OCLCF
-- HF9
-- IXA
-- AUM
-- Z#6
-- FHP
-- CGN
-- OCLCO
-- DLC
-- uoc
082 04 - DEWEY DECIMAL CLASSIFICATION NUMBER
Classification number 155.232
Edition number 23
Item number JEN
100 1# - MAIN ENTRY--PERSONAL NAME
Personal name Granneman, Jenn,
Relator term author.
9 (RLIN) 4727
245 10 - TITLE STATEMENT
Title Sensitive :
Remainder of title The Power of a Thoughtful Mind in an Overwhelming World /
Statement of responsibility, etc. Jenn Granneman and Andre Sólo.
264 #1 - PRODUCTION, PUBLICATION, DISTRIBUTION, MANUFACTURE, AND COPYRIGHT NOTICE
Place of production, publication, distribution, manufacture Great Britain:
Name of producer, publisher, distributor, manufacturer Penguin life,
Date of production, publication, distribution, manufacture, or copyright notice 2024.
264 #4 - PRODUCTION, PUBLICATION, DISTRIBUTION, MANUFACTURE, AND COPYRIGHT NOTICE
Date of production, publication, distribution, manufacture, or copyright notice © Jennifer Granneman and Andrew Jacob, 2023.
300 ## - PHYSICAL DESCRIPTION
Extent 260 pages ;
Dimensions 20 cm.
336 ## - CONTENT TYPE
Content type term text
Content type code txt
Source rdacontent
337 ## - MEDIA TYPE
Media type term unmediated
Media type code n
Source rdamedia
338 ## - CARRIER TYPE
Carrier type term volume
Carrier type code nc
Source rdacarrier
504 ## - BIBLIOGRAPHY, ETC. NOTE
Bibliography, etc. note Includes index.
520 ## - SUMMARY, ETC.
Summary, etc. Championing the world's "highly sensitive people," the force behind the world's largest online communities for sensitive people and introverts teaches readers how to unlock the potential of this undervalued strength and leverage it across the important areas of their lives.
Assigning source -- Provided by publisher.
520 8# - SUMMARY, ETC.
Summary, etc. Everyone has a sensitive side, but nearly 1 in 3 people have the genes to be more sensitive than others--both physically and emotionally. These are the people who pause before speaking and think before acting; they tune into subtle details and make connections that others miss. They tend to be intelligent, big-hearted, and wonderfully creative; they are wired to go deep, yet society tells them to hide the very sensitivity that makes them this way. These are the world's "highly sensitive people," and Sensitive is the book that champions them. By the creators of the world's largest community for sensitive people, Sensitive teaches us how to unlock the potential in this undervalued strength and leverage it across the most important areas of our lives: in friendships and relationships, the workplace, leadership, and parenting. Through fascinating research and expert storytelling, Jenn Granneman and Andre Sólo show readers that the way to thrive as a sensitive person is not to hide their sensitivity, but to embrace it--and they demonstrate how to do that in each area of life. Weaving together actionable advice, relatable anecdotes, and the latest scientific research, Sensitive shows readers how leaning in to their sensitivity unlocks a powerful "boost effect" to launch them ahead in life. It hands them the tools and insights they need to thrive as a sensitive person in a loud, fast, too-much world. A powerfully validating, destigmatizing, and practical book, Sensitive plants a gently fluttering flag in the ground for sensitive people everywhere. This inspiring book has the power to change--once and for all--how we see sensitive people, and how they see themselves.
Assigning source -- Provided by publisher.
650 #0 - SUBJECT ADDED ENTRY--TOPICAL TERM
Topical term or geographic name entry element Sensitivity (Personality trait)
9 (RLIN) 4728
650 #0 - SUBJECT ADDED ENTRY--TOPICAL TERM
Topical term or geographic name entry element Self-actualization (Psychology)
650 #6 - SUBJECT ADDED ENTRY--TOPICAL TERM
Topical term or geographic name entry element Sensibilité (Trait de personnalité)
9 (RLIN) 4729
650 #7 - SUBJECT ADDED ENTRY--TOPICAL TERM
Topical term or geographic name entry element PSYCHOLOGY / Personality.
Source of heading or term bisacsh
650 #7 - SUBJECT ADDED ENTRY--TOPICAL TERM
Topical term or geographic name entry element SELF-HELP / Personal Growth / Success.
Source of heading or term bisacsh
650 #7 - SUBJECT ADDED ENTRY--TOPICAL TERM
Topical term or geographic name entry element BUSINESS & ECONOMICS / Leadership.
Source of heading or term bisacsh
650 #7 - SUBJECT ADDED ENTRY--TOPICAL TERM
Topical term or geographic name entry element Self-actualization (Psychology)
Source of heading or term fast
9 (RLIN) 4730
650 #7 - SUBJECT ADDED ENTRY--TOPICAL TERM
Topical term or geographic name entry element Sensitivity (Personality trait)
Source of heading or term fast
9 (RLIN) 4728
650 #7 - SUBJECT ADDED ENTRY--TOPICAL TERM
Topical term or geographic name entry element Sensitivity (Personality trait)
Source of heading or term sears
9 (RLIN) 4728
650 #7 - SUBJECT ADDED ENTRY--TOPICAL TERM
Topical term or geographic name entry element Self-realization.
Source of heading or term sears
655 #7 - INDEX TERM--GENRE/FORM
Genre/form data or focus term Self-help publications
Source of term fast
9 (RLIN) 1079
655 #7 - INDEX TERM--GENRE/FORM
Genre/form data or focus term Self-help publications.
Source of term lcgft
9 (RLIN) 1079
655 #7 - INDEX TERM--GENRE/FORM
Genre/form data or focus term Livres de croissance personnelle.
Source of term rvmgf
9 (RLIN) 4731
700 1# - ADDED ENTRY--PERSONAL NAME
Personal name Sólo, Andre,
Relator term author.
9 (RLIN) 4732
942 ## - ADDED ENTRY ELEMENTS (KOHA)
Source of classification or shelving scheme
Koha item type Book
Holdings
Withdrawn status Lost status Source of classification or shelving scheme Damaged status Not for loan Permanent location Current location Date acquired Total Checkouts Full call number Barcode Date last seen Price effective from Koha item type
          UofCanada Library UofCanada Library 03/31/2026   155.232 JEN/NB 00002780 03/31/2026 03/31/2026 NB-Book
          UofCanada Library UofCanada Library 03/31/2026   155.232 JEN 00002781 03/31/2026 03/31/2026 Book